Eastern Utah Libraries Catalog: Duchesne, Heber, Roosevelt, & Vernal

Ripley's believe it or not ! All-consuming (Record no. 281776)

MARC details
000 -LEADER
fixed length control field 01619cam a2200433Ka 4500
001 - CONTROL NUMBER
control field ocn406169253
003 - CONTROL NUMBER IDENTIFIER
control field OCoLC
005 - DATE AND TIME OF LATEST TRANSACTION
control field 20240415115432.0
008 - FIXED-LENGTH DATA ELEMENTS--GENERAL INFORMATION
fixed length control field 090622s2009 paua 001 0 eng d
020 ## - INTERNATIONAL STANDARD BOOK NUMBER
International Standard Book Number 9781422215364
020 ## - INTERNATIONAL STANDARD BOOK NUMBER
International Standard Book Number 1422215369
020 ## - INTERNATIONAL STANDARD BOOK NUMBER
Terms of availability 19.95
029 1# - (OCLC)
OCLC library identifier AU@
System control number 000045272544
029 1# - (OCLC)
OCLC library identifier QBX
System control number a 09279294
035 ## - SYSTEM CONTROL NUMBER
System control number (OCoLC)406169253
040 ## - CATALOGING SOURCE
Original cataloging agency BTCTA
Transcribing agency BTCTA
Modifying agency IVJ
-- UPZ
-- GK8
-- BPL
-- QBX
-- WACOL
Description conventions
049 ## - LOCAL HOLDINGS (OCLC)
Holding library WACL
050 #4 - LIBRARY OF CONGRESS CALL NUMBER
Classification number AG243
Item number .A375 2009
092 ## - LOCALLY ASSIGNED DEWEY CALL NUMBER (OCLC)
Classification number J
Item number 031.02
Feature heading Rip
092 ## - LOCALLY ASSIGNED DEWEY CALL NUMBER (OCLC)
Classification number J031.02
Item number Rip
110 2# - MAIN ENTRY--CORPORATE NAME
Corporate name or jurisdiction name as entry element Ripley Publishing Ltd.
9 (RLIN) 5882716
245 10 - TITLE STATEMENT
Title Ripley's believe it or not ! All-consuming
246 3# - VARYING FORM OF TITLE
Title proper/short title All-consuming
260 ## - PUBLICATION, DISTRIBUTION, ETC. (IMPRINT)
Place of publication, distribution, etc Broomall, Pa. :
Name of publisher, distributor, etc Mason Crest,
Date of publication, distribution, etc 2009.
264 ## - Production, Publication, Distribution, Manufacture, and Copyright Notice.
Place of production, publication, distribution, manufacture Broomall, Pa. :
Name of producer, publisher, distributor, manufacturer Mason Crest,
Date of production, publication, distribution, manufacture, or copyr 2009.
300 ## - PHYSICAL DESCRIPTION
Extent 36 p. :
Other physical details ill. ;
Dimensions 31 cm.
490 1# - SERIES STATEMENT
Series statement Ripley's believe it or not!
500 ## - GENERAL NOTE
General note Includes index.
520 ## - SUMMARY, ETC.
Summary, etc What will people do to stand out? Pretty much anything! Learn about the extraordinary, sometimes scary, frequently weird things people do from wearing fashionable food to eating their way through the Stinging Nettle Easting Championships.
650 #0 - SUBJECT ADDED ENTRY--TOPICAL TERM
Topical term or geographic name as entry element Curiosities and wonders
Form subdivision Juvenile literature.
9 (RLIN) 5674194
650 #1 - SUBJECT ADDED ENTRY--TOPICAL TERM
Topical term or geographic name as entry element Food habits
Form subdivision Miscellanea.
9 (RLIN) 6485458
650 #1 - SUBJECT ADDED ENTRY--TOPICAL TERM
Topical term or geographic name as entry element Food
Form subdivision Miscellanea.
9 (RLIN) 5808637
650 #7 - SUBJECT ADDED ENTRY--TOPICAL TERM
Topical term or geographic name as entry element Eating customs
Form subdivision Miscellanea.
Source of heading or term sears
9 (RLIN) 6485459
650 #7 - SUBJECT ADDED ENTRY--TOPICAL TERM
Topical term or geographic name as entry element Food
Form subdivision Miscellanea.
Source of heading or term sears
9 (RLIN) 5808637
710 2# - ADDED ENTRY--CORPORATE NAME
Corporate name or jurisdiction name as entry element Ripley Entertainment, Inc.
9 (RLIN) 49426
830 #0 - SERIES ADDED ENTRY--UNIFORM TITLE
Uniform title Ripley's believe it or not! (Mason Crest Publishers)
9 (RLIN) 5859423
942 ## - ADDED ENTRY ELEMENTS (KOHA)
Koha item type BOOK
Source of classification or shelving scheme Dewey Decimal Classification
948 ## - LOCAL PROCESSING INFORMATION (OCLC); SERIES PART DESIGNATOR (RLIN)
Series part designator, SPT (RLIN) 10/04/2013
z (OCLC) Sirsi
Holdings
Withdrawn status Lost status Source of classification or shelving scheme Damaged status Not for loan Collection code Home library Current library Shelving location Date acquired Cost, normal purchase price Total Checkouts Total Renewals Full call number Barcode Date last seen Date checked out Cost, replacement price Price effective from Koha item type
    Dewey Decimal Classification     Junior NonFiction Wasatch County Library Wasatch County Library Second Floor 10/04/2013 19.95 10 4 J 031.02 Rip 34301001250408 12/26/2025 03/06/2023 19.95 03/20/2020 BOOK
This project was made possible through a grant from the Institute of Museum and Library Service administered by the Utah State Library Division.

Wasatch County Library

  • 465 East 1200 South, Heber City, Utah 84032
  • Phone 435-654-1511 | Fax 435-654-6456

Hours

  • Monday - Friday 9:30 AM - 8:00 PM
  • Saturday 9:30 AM - 1:30 PM
  • Closed Sundays and Holidays